ბათუმის შოთა რუსთაველის სახელმწიფო უნივერსიტეტის ბიბლიოთეკა

Физиотерапия : (ბიბ.ჩანაწერი № 42472)

000 -LEADER
fixed length control field 00782nam a2200229Ia 4500
001 - CONTROL NUMBER
control field 9168
003 - CONTROL NUMBER IDENTIFIER
control field GE_BSU
005 - DATE AND TIME OF LATEST TRANSACTION
control field 20240607165202.0
008 - FIXED-LENGTH DATA ELEMENTS--GENERAL INFORMATION
fixed length control field 181216s2005||||ru |||||||||||||| ||rus||
020 ## - INTERNATIONAL STANDARD BOOK NUMBER
International Standard Book Number 522206704
040 ## - CATALOGING SOURCE
Transcribing agency GE_BSU
041 ## - LANGUAGE CODE
Language code of text/sound track or separate title rus
080 ## - UNIVERSAL DECIMAL CLASSIFICATION NUMBER
Universal Decimal Classification number 515.83(075.32) С-59
100 ## - MAIN ENTRY--PERSONAL NAME
Personal name Соколов ,Н. Г.
9 (RLIN) 22346
245 ## - TITLE STATEMENT
Title Физиотерапия :
Remainder of title Уч-к для студ. сред.профес.образования /
Statement of responsibility, etc. Н. Г. Соколов ; Ред.В.Федоров.
264 ## - PRODUCTION, PUBLICATION, DISTRIBUTION, MANUFACTURE, AND COPYRIGHT NOTICE
Place of production, publication, distribution, manufacture Ростов-на-Дону :
Name of producer, publisher, distributor, manufacturer Феникс,
Date of production, publication, distribution, manufacture, or copyright notice 2005.
300 ## - PHYSICAL DESCRIPTION
Extent 314 стр. ;
Dimensions 20 см.
490 ## - SERIES STATEMENT
Series statement Серия Медицина для вас
653 ## - INDEX TERM--UNCONTROLLED
keyword Физиотерапия
700 ## - ADDED ENTRY--PERSONAL NAME
Personal name Федоров, Н.Г.
Relator term Автор
9 (RLIN) 22347
942 ## - ADDED ENTRY ELEMENTS (KOHA)
Koha item type წიგნი
Source of classification or shelving scheme
ეგზემპლარები
Withdrawn status Lost status Source of classification or shelving scheme Damaged status Not for loan Permanent Location Current Location Shelving location Date acquired Full call number Barcode Date last seen Copy number Price effective from Koha item type
          ბათუმის შოთა რუსთაველის სახელმწიფო უნივერსიტეტის მთავარი ბიბლიოთეკა ბათუმის შოთა რუსთაველის სახელმწიფო უნივერსიტეტის მთავარი ბიბლიოთეკა წიგნსაცავი 2018-12-17 515.83(075.32) С-59 26813 2018-12-17 26813 2018-12-17 წიგნი